Statistics for 上海17号线地铁站

Click here to take the quiz!

General Stats

  • This quiz has been taken 68 times
  • The average score is 10 of 13

Answer Stats

17号线地铁站% Correct
虹桥火车站
98%
东方绿舟
96%
朱家角
96%
青浦新城
88%
诸光路
82%
淀山湖大道
79%
赵巷
79%
蟠龙路
73%
徐泾北城
71%
嘉松中路
68%
漕盈路
66%
徐盈路
66%
汇金路
63%

Score Distribution

Percentile by Number Answered

Percent of People with Each Score

Your Score History

You have not taken this quiz